00527 2200193 4500001002100000005001500021035002000036007000300056008004100059020001800100082001000118084001600128100002400144245005100168260004500219300002400264600002400288990002100312INLIS00000000000033420220530084521 a0010-0522000034ta220530 0 ind  a9786021143407 a155.2 a155.2 IDA p0 aIda Ayu Putu Beni P1 aPendidikan karakter bangsa 9 : rasa ingin tahu aJakarta :bMustika Pustaka Negeri,c2017 a78 :bilus ;c29 cm 4apendidikan karakter a309/smpn7/sby/18